000 01636nam a22002057a 4500
003 OSt
005 20260327104256.0
008 260327b |||||||| |||| 00| 0 ESP d
082 _a13 9788491130765
100 _aPatrick R. Murray, Ken S. Rosenthal y Michael A. Pfaller.
245 _aMicrobiología médica (8ª edición)
250 _a8VA EDICION
260 _aBarcelona, España.
_b Elsevier España, S.L.U.
_c24 de abril de 2017.
300 _a 848 páginas.
_c27,6 cm X 21,6 cm
_eTapa blanda
490 _3Tapa blanda (Rústica).
520 _aSe divide principalmente en cuatro grandes bloques: bacteriología, virología, micología (hongos) y parasitología. Lo que lo hace especial es su enfoque práctico y clínico: Relación Huésped-Parásito: No solo describe al "bicho", sino que explica cómo interactúa con el sistema inmune humano y el papel del microbioma (las bacterias buenas que ya tenemos). Casos Clínicos: Cada sección suele empezar con la historia de un paciente real, lo que ayuda a entender los síntomas y el diagnóstico en un contexto médico, no solo de laboratorio. Diagnóstico y Tratamiento: Detalla las técnicas actuales para identificar patógenos y los fármacos (antibióticos, antivirales) que se usan para combatirlos. Resúmenes Visuales: Utiliza muchas fotos a color, tablas comparativas y cuadros de "conceptos clave" para que los puntos más importantes sean fáciles de memorizar antes de un examen.
650 _aMicrobiología médica
_xDiagnóstico
_yInmunología
_vCasos clínicos
700 _aPatrick R. Murray, Ken S. Rosenthal y Michael A. Pfaller.
942 _2ddc
_cBK
_n0
999 _c2031
_d2031